Handbook of metallurgical process design
محفوظ في:
| المؤلف الرئيسي: | |
|---|---|
| التنسيق: | كتاب |
| اللغة: | Undetermined |
| منشور في: |
New York
Marcel Dekker
2004
|
| الموضوعات: | |
| الوسوم: |
إضافة وسم
لا توجد وسوم, كن أول من يضع وسما على هذه التسجيلة!
|
| Thư viện lưu trữ: | Trung tâm Học liệu Trường Đại học Cần Thơ |
|---|
| LEADER | 00528nam a2200193Ia 4500 | ||
|---|---|---|---|
| 001 | CTU_97644 | ||
| 008 | 210402s9999 xx 000 0 und d | ||
| 020 | |c 259.63 | ||
| 082 | |a 671 | ||
| 082 | |b T719 | ||
| 100 | |a Totten, George E. | ||
| 245 | 0 | |a Handbook of metallurgical process design | |
| 245 | 0 | |c George E. Totten, Kiyoshi Funatani, Lin Xie | |
| 260 | |a New York | ||
| 260 | |b Marcel Dekker | ||
| 260 | |c 2004 | ||
| 650 | |a Metal-work | ||
| 904 | |i Tuyến | ||
| 980 | |a Trung tâm Học liệu Trường Đại học Cần Thơ | ||